000
00195nam a2200073Ia 4500
008
170817s9999 xx 000 0 und d
100
_a
Arora.G.L.
245
0
_a
Self-Learning Material For Teachers Educators
260
_b
N.C.E.R.T.
999
_c
38137
_d
38137